|
|
|
|
| LEADER |
00000nam0a2200000 4500 |
| 001 |
28807 |
| 005 |
20231030203005.0 |
| 010 |
|
|
|a 5020303216
|
| 035 |
|
|
|a (RuTPU)RU\TPU\book\29064
|
| 035 |
|
|
|a BOOK00000789
|
| 090 |
|
|
|a 28807
|
| 100 |
|
|
|a 20011209d1992 k y0rusy50 ca
|
| 101 |
0 |
|
|a rus
|
| 102 |
|
|
|a RU
|
| 105 |
|
|
|a 000|y
|
| 200 |
1 |
|
|a Математические модели маркетинга
|f В. В. Брыскин
|
| 210 |
|
|
|a Новосибирск
|c Наука
|d 1992
|
| 215 |
|
|
|a 158 с.
|
| 320 |
|
|
|a Библиогр.: с. 156-157.
|
| 610 |
1 |
|
|a экономика
|
| 610 |
1 |
|
|a маркетинг
|
| 610 |
1 |
|
|a математическое моделирование
|
| 610 |
1 |
|
|a рынок
|
| 610 |
1 |
|
|a дефицитный рынок
|
| 610 |
1 |
|
|a продукция
|
| 610 |
1 |
|
|a сбыт
|
| 686 |
|
|
|a У9(2)0-59
|v LBC/SL-A
|2 rubbk
|
| 700 |
|
1 |
|a Брыскин
|g Владимир Вениаминович
|
| 801 |
|
0 |
|a RU
|b 63413507
|c 20011209
|g PSBO
|
| 801 |
|
2 |
|a RU
|b 63413507
|c 20080904
|g PSBO
|
| 942 |
|
|
|c BK
|